Strzelcy bramek w reprezentacji Polski za kadencji Wójcika - Statystyki

Ogólne statystyki
  • Ten quiz został rozwiązany 24 razy
  • Średni wynik to 6 z 13
Statystyki odpowiedzi
Liczba goli Piłkarz % Poprawnych
5 Kowalczyk
91%
4 Juskowiak
86%
4 Hajto
77%
2 Brzęczek
59%
4 Iwan
55%
1 Kłos
50%
6 Trzeciak
45%
2 Wichniarek
41%
3 Czereszewski
32%
2 Siadaczka
32%
2 Ratajczyk
27%
1 Reiss
27%
1 Kucharski
14%
Nie znaleziono quizów pasujących do podanych kryteriów
Rozkład punktacji
Procent ludzi z każdym wynikiem
Percentyl według liczby udzielonych odpowiedzi
Twoja historia wyników
Nie rozwiązałeś tego quizu